West Bengal / (Record no. 64497)
[ view plain ]
| 000 -LEADER | |
|---|---|
| fixed length control field | 00714nam a2200229 a 4500 |
| 001 - CONTROL NUMBER | |
| control field | 64497 |
| 003 - CONTROL NUMBER IDENTIFIER | |
| rucl marc code | BD-RjUL |
| 005 - DATE AND TIME OF LATEST TRANSACTION | |
| control field | 20211209081321.0 |
| 008 - FIXED-LENGTH DATA ELEMENTS--GENERAL INFORMATION | |
| fixed length control field | 170215b1970 ii ||||| |||| 00| 0 eng d |
| 035 ## - SYSTEM CONTROL NUMBER | |
| System control number | (BD-RjUL)64627 |
| 040 ## - CATALOGING SOURCE | |
| Original cataloging agency | BD-RjUL |
| Language of cataloging | eng |
| Transcribing agency | BD-RjUL |
| 041 ## - LANGUAGE CODE | |
| Language code of text/sound track or separate title | eng |
| 082 ## - DEWEY DECIMAL CLASSIFICATION NUMBER | |
| Edition number | 23 |
| Classification number | 915.41402 |
| Author mark and year | WES 1970 |
| 245 00 - TITLE STATEMENT | |
| Title | West Bengal / |
| Statement of responsibility, etc. | A. B. Chatterjee, Avijit Gupta and Pradip K. Mukhopadhyay |
| 260 ## - PUBLICATION, DISTRIBUTION, ETC. (IMPRINT) | |
| Place of publication, distribution, etc. | Calcutta : |
| Name of publisher, distributor, etc. | Firma K.L. Mukhopadhyay, |
| Date of publication, distribution, etc. | 1970. |
| 300 ## - PHYSICAL DESCRIPTION | |
| Pagination | 213 p. : |
| Illustrations | ill. ; |
| Size | 25 cm. |
| 650 ## - SUBJECT ADDED ENTRY--TOPICAL TERM | |
| Topical term or geographic name as entry element | West Bengal (India) |
| Form subdivision | Physical geography |
| 9 (RLIN) | 191334 |
| 700 ## - ADDED ENTRY--PERSONAL NAME | |
| Personal name | Chatterjee, A. B. |
| Personal name | Avijit Gupta |
| Personal name | Mukhopadhyay, Pradip K. |
| 942 ## - ADDED ENTRY ELEMENTS (KOHA) | |
| Source of classification or shelving scheme | Dewey Decimal Classification |
| Koha item type | Books |
| Lost status | Source of classification or shelving scheme | Damaged status | Not for loan | Collection code | Permanent Location | Current Location | Shelving location | Date acquired | Source of acquisition | Cost, normal purchase price | Total Checkouts | Full call number | Date last seen | Copy number | Koha item type |
|---|---|---|---|---|---|---|---|---|---|---|---|---|---|---|---|
| Dewey Decimal Classification | Not For Loan | Non-fiction | Central Library, University of Rajshahi | Central Library, University of Rajshahi | Reading Room | 07/06/1976 | K.P.Bangali Rco, Calcutta | 45.00 | 915.41402 WES 1970 | 15/02/2017 | C-1 | Books |